| 000 | 00545nam a2200193 4500 | ||
|---|---|---|---|
| 005 | 20241121171345.0 | ||
| 010 | _aENG-142269 | ||
| 020 |
_c130.00 _a8170820162 |
||
| 035 | _aEN-125801 | ||
| 037 | _bDBAD | ||
| 082 | _a133.5 | ||
| 100 |
_aPatel, Chandulal S. _974031 |
||
| 245 |
_aNadi Astrology/ _cBy Chandulal S. Patel |
||
| 250 | _aFirst | ||
| 260 |
_aNew Delhi _bSagar Publications _c1998 |
||
| 270 |
_a72, Janpath, Ved Mansion _bNew Delhi _e110001 |
||
| 300 |
_a200p. _c22cm(hb) |
||
| 942 |
_2ddc _cEN _h133.5 _mPAT _eFirst |
||
| 999 |
_c206581 _d206581 |
||